| 000 | 00539nam a2200205Ia 4500 | ||
|---|---|---|---|
| 003 | OSt | ||
| 005 | 20240724120241.0 | ||
| 008 | 210210b1960 xxu||||| |||| 00| 0 eng d | ||
| 040 | _cAL | ||
| 041 | _akan | ||
| 082 | _a859/671 | ||
| 100 |
_aTRIVIKRAMA _9144880 _dತ್ರಿವಿಕ್ರಮ |
||
| 245 |
_aBeleyuva pairu: _bಬೆಳೆಯುವ ಪೈರು |
||
| 260 |
_aBengaluru _b- _c1960 |
||
| 650 |
_apairu _9144881 |
||
| 650 |
_aBeleyuva _9144882 |
||
| 690 |
_aKannada Fiction _9144883 |
||
| 906 | _a021523 | ||
| 942 |
_2ddc _cBK |
||
| 999 |
_c145610 _d145610 |
||